Sociálny štát a Slovensko súčasnosť a perspektívy (vybrané aspekty)

Gespeichert in:
Bibliographische Detailangaben
Format: Buch
Sprache:Slowakisch
Veröffentlicht: Bratislava ASA 2006
Schlagworte:
Tags: Tag hinzufügen
Keine Tags, Fügen Sie das erste Tag hinzu!

MARC

LEADER 00000nam$a2200000$$$4500
001 0052339
005 20240104135358.1
020 |a 80-969614-0-3 
041 0 |a slo 
044 |a SK 
245 1 0 |a Sociálny štát a Slovensko  |b súčasnosť a perspektívy (vybrané aspekty) 
264 1 |a Bratislava  |b ASA  |c 2006 
300 |a 193 s. 
610 2 0 |a štát sociálny 
610 2 0 |a reformy 
610 2 0 |a financie verejné 
610 2 0 |a politika dôchodková 
610 2 0 |a politika sociálna 
610 2 0 |a výskum 
610 2 0 |a vývoj 
610 2 0 |a školy vysoké 
610 2 0 |a politika hospodárska 
610 2 0 |a podnikanie 
610 2 0 |a svet 
610 2 0 |a Slovensko